000 00539 a2200181 4500
003 OSt
005 20260305115046.0
008 231205b |||||||| |||| 00| 0 eng d
020 _a9788188582579
040 _coclc
082 _a894.8129
_bGUE/A
100 _aChe Guevara, Ernesto
_91762
245 _aAfrican Swapnam= The African Dream /
_cErnesto Guevera De La Serna
250 _a3rd ed.
260 _aThrissur:
_bGreen Books,
_c2017.
300 _a304p.
942 _2ddc
_cBK
_h894.8129
_iGUE/A
_k894.8129
_mGUE/A
999 _c43962
_d43962